|
|
|
|
| LEADER |
00000nas a2200000 a 4500 |
| 001 |
ssj0000465075 |
| 003 |
WaSeSS |
| 005 |
20200512172242.0 |
| 006 |
m d |
| 007 |
cr n |
| 008 |
940707c19939999ctumx p s 0 a0eng c |
| 010 |
|
|
|a 95660529
|z sn 94001111
|
| 022 |
|
|
|l 1077-1816
|y 1077-1816
|
| 032 |
|
|
|a 013662
|b USPS
|
| 035 |
|
|
|a (WaSeSS)ssj0000465075
|
| 037 |
|
|
|b Asset International, Inc., 125 Greenwich Ave., Greenwich, CT 06830
|
| 040 |
|
|
|a NSD
|b eng
|c NSD
|d DLC
|d NSD
|d GUA
|d DLC
|d OCLCQ
|d OCLCF
|d OCLCO
|d OCLCQ
|d WaSeSS
|
| 042 |
|
|
|a nsdp
|a pcc
|
| 043 |
|
|
|a n-us---
|
| 050 |
0 |
0 |
|a HD7105.45.U6
|b P53
|
| 082 |
0 |
0 |
|a 332.6/7254
|2 20
|
| 210 |
0 |
|
|a Plan spons.
|
| 222 |
|
0 |
|a Plan sponsor
|
| 245 |
0 |
0 |
|a Plan sponsor
|h [electronic resource].
|
| 246 |
1 |
3 |
|a Plansponsor
|
| 260 |
|
|
|a Greenwich, CT :
|b Asset International, Inc.
|
| 310 |
|
|
|a Ten no. a year
|
| 362 |
1 |
|
|a Began in 1993.
|
| 506 |
|
|
|a License restrictions may limit access.
|
| 588 |
|
|
|a Description based on: May 1994; title from cover.
|
| 588 |
|
|
|a Latest issue consulted: Vol. 3, no. 9 (Nov. 1995).
|
| 650 |
|
0 |
|a Pension trusts
|x Investments
|z United States
|v Periodicals.
|
| 650 |
|
0 |
|a Employee fringe benefits
|z United States
|v Periodicals.
|
| 650 |
|
0 |
|a 401(k) plans
|v Periodicals.
|
| 650 |
|
7 |
|a 401(k) plans.
|2 fast
|0 (OCoLC)fst00793729
|
| 650 |
|
7 |
|a Employee fringe benefits.
|2 fast
|0 (OCoLC)fst00908971
|
| 650 |
|
7 |
|a Pension trusts
|x Investments.
|2 fast
|0 (OCoLC)fst01057060
|
| 651 |
|
7 |
|a United States.
|2 fast
|0 (OCoLC)fst01204155
|
| 655 |
|
0 |
|a Electronic journals.
|
| 850 |
|
|
|a DLC
|a GU
|
| 856 |
4 |
0 |
|z Full text available from Research Library: 08/01/2010 to present
|u https://search.proquest.com/publication/826336
|